<?xml version="1.0" encoding="UTF-8"?>
<record
    xmlns:xsi="http://www.w3.org/2001/XMLSchema-instance"
    xsi:schemaLocation="http://www.loc.gov/MARC21/slim http://www.loc.gov/standards/marcxml/schema/MARC21slim.xsd"
    xmlns="http://www.loc.gov/MARC21/slim">

  <leader>01359nam a22002057a 4500</leader>
  <controlfield tag="008">171028s2004        fr||||| |||| 00| 0 fra d</controlfield>
  <datafield tag="020" ind1=" " ind2=" ">
    <subfield code="a">2746706210</subfield>
  </datafield>
  <datafield tag="082" ind1="0" ind2="4">
    <subfield code="a">709.6</subfield>
    <subfield code="b">S954a</subfield>
  </datafield>
  <datafield tag="100" ind1="1" ind2=" ">
    <subfield code="a">Sultan, Olivier.</subfield>
    <subfield code="9">6062</subfield>
  </datafield>
  <datafield tag="245" ind1="1" ind2="4">
    <subfield code="a">Les afriques :</subfield>
    <subfield code="b">36 artistes contemporains /</subfield>
    <subfield code="c">Olivier Sultan ; Mus&#xE9;e des Arts derniers.</subfield>
  </datafield>
  <datafield tag="250" ind1=" " ind2=" ">
    <subfield code="a">1a edici&#xF3;n.</subfield>
  </datafield>
  <datafield tag="260" ind1=" " ind2=" ">
    <subfield code="a">1a edici&#xF3;n :</subfield>
    <subfield code="b">&#xC9;ditions Autrement,</subfield>
    <subfield code="c">2004.</subfield>
  </datafield>
  <datafield tag="300" ind1=" " ind2=" ">
    <subfield code="a">160 p&#xE1;ginas :</subfield>
    <subfield code="b">ilustraciones en color.</subfield>
  </datafield>
  <datafield tag="505" ind1="0" ind2=" ">
    <subfield code="t">Avant-propos</subfield>
    <subfield code="r">Olivier Sultan.</subfield>
    <subfield code="t">Pr&#xE9;face: L'histoire de l'art contemporain africain</subfield>
    <subfield code="r">Simon Njami.</subfield>
    <subfield code="t">Artistas: Fanizani Akuda, Luis Basto, Jean-Michel Basquiat, Philippe Berry, Micka&#xEB;l Bethe-S&#xE9;lassi&#xE9;, Berry Bickle, Joe Big-Big, Fr&#xE9;d&#xE9;ric Bruly Bouabr&#xE9;, Christophe, Soly Ciss&#xE9;, Bruce Clarke, Robert Combas, Charly D'Almeida, Depara, Richard Di Rosa, Calvin Dondo, Ernest D&#xFC;k&#xFC;, Samuel Fosso, Meek Gichugu, Seydou Keita, Bodys Isek Kingelez, Kisito, Collen Madamonbe, Moke, Orlan, Ch&#xE9;ri Samba, Malick Sidib&#xE9;, Ousmane Sow, Sultan, Tchif, Pape Teigne Diouf, Zephania Tshuma, Twins Seven Seven, Martial Verdier, Duncan Wylie y Gavin Younge.</subfield>
    <subfield code="t">Expositions majeures d'art africain contemporain depuis 1989.</subfield>
  </datafield>
  <datafield tag="653" ind1="1" ind2="0">
    <subfield code="a">Arte contempor&#xE1;neo</subfield>
  </datafield>
  <datafield tag="653" ind1="1" ind2="0">
    <subfield code="a">Arte - &#xC1;frica </subfield>
  </datafield>
  <datafield tag="653" ind1="1" ind2="0">
    <subfield code="a">Arte internacional </subfield>
  </datafield>
  <datafield tag="653" ind1="1" ind2="0">
    <subfield code="a">Artistas visuales</subfield>
  </datafield>
  <datafield tag="710" ind1="1" ind2=" ">
    <subfield code="a">Mus&#xE9;e des Arts derniers.</subfield>
    <subfield code="9">6063</subfield>
  </datafield>
  <datafield tag="999" ind1=" " ind2=" ">
    <subfield code="c">1336</subfield>
    <subfield code="d">1336</subfield>
  </datafield>
  <datafield tag="952" ind1=" " ind2=" ">
    <subfield code="0">0</subfield>
    <subfield code="1">0</subfield>
    <subfield code="2">ddc</subfield>
    <subfield code="4">0</subfield>
    <subfield code="7">0</subfield>
    <subfield code="a">LV</subfield>
    <subfield code="b">LV</subfield>
    <subfield code="c">Colectivas</subfield>
    <subfield code="d">2017-10-28</subfield>
    <subfield code="l">0</subfield>
    <subfield code="o">709.6 S954a</subfield>
    <subfield code="p">001220</subfield>
    <subfield code="r">2017-10-28 00:00:00</subfield>
    <subfield code="w">2017-10-28</subfield>
    <subfield code="y">01</subfield>
  </datafield>
</record>
